[Event "VIE-ch U17"]
[Site "Ho Chi Minh City"]
[Date "2022.07.13"]
[Round "4"]
[White "Le, Quang Khai"]
[Black "Tran, Tuan Minh1111"]
[Result "0-1"]
[WhiteElo "2268"]
[BlackElo "2266"]
[PlyCount "118"]
[EventDate "2022.07.11"]
[EventType "swiss"]
[EventRounds "9"]
[EventCountry "VIE"]
[SourceTitle "EXT 2023"]
[Source "ChessBase"]
[SourceDate "2022.10.05"]
[SourceVersion "1"]
[SourceVersionDate "2022.10.05"]
[SourceQuality "1"]

1. e4 e5 2. Nf3 Nc6 3. Bc4 d6 4. h3 h6 5. Nc3 Nf6 6. d3 Be7 7. 0-0 0-0 8. Nh2 Na5 9. Bb3 Nxb3 10. axb3 Nh7 11. f4 exf4 12. Bxf4 f5 13. Be3 a6 14. exf5 Bxf5 15. Nd5 Qd7 16. Nxe7+ Qxe7 17. Bd4 Rae8 18. Qd2 Bd7 19. Rae1 Rxf1+ 20. Rxf1 Ng5 21. Bc3 Rf8 22. Rxf8+ Qxf8 23. Qf2 Qe7 24. Nf3 Bxh3 25. Nxg5 Qxg5 26. Bd2 Qg6 27. Qf3 Bc8 28. Qe3 Kh7 29. Bc3 Bd7 30. Qa7 Bc6 31. Qf2 h5 32. Kh2 Qe6 33. Qg3 Qg6 34. Qxg6+ Kxg6 35. Kg3 Kf7 36. Bd2 Bd7 37. b4 Bg4 38. Kf4 Bd1 39. c3 Bc2 40. d4 Kf6 41. g3 g5+ 42. Kf3 d5 43. Bc1 Be4+ 44. Ke3 Kf5 45. Bd2 c6 46. Bc1 Kg4 47. Kf2 h4 48. gxh4 gxh4 49. Kg1 Kg3 50. Bd2 h3 51. Be1+ Kf3 52. c4 dxc4 53. Bc3 Kg3 54. Be1+ Kf4 55. Bd2+ Kf5 56. Kh2 Bg2 57. Kg3 Ke4 58. Bc3 Kd5 59. Kh2 b6 0-1

[Event "VIE-ch U11"]
[Site "Ho Chi Minh City"]
[Date "2014.07.14"]
[Round "3"]
[White "Le, Quang Khai"]
[Black "Nguyen, Dinh Thanh"]
[Result "1-0"]
[WhiteElo "1969"]
[BlackElo "1928"]
[PlyCount "75"]
[EventDate "2014.07.13"]
[EventType "swiss"]
[EventRounds "9"]
[EventCountry "VIE"]
[SourceTitle "EXT 2016"]
[Source "ChessBase"]
[SourceDate "2015.10.08"]
[SourceVersion "1"]
[SourceVersionDate "2015.10.08"]
[SourceQuality "1"]

1. d4 d5 2. c4 c6 3. Nc3 Nf6 4. Bf4 Bf5 5. c5 Nbd7 6. h3 e6 7. e3 b6 8. b4 Be7 9. Bd3 Bg6 10. Nf3 0-0 11. 0-0 Rc8 12. Ba6 Ra8 13. Bb7 Rb8 14. Bxc6 Rc8 15. Bb7 Rb8 16. Bxb8 Nxb8 17. Ne5 bxc5 18. bxc5 Bf5 19. h4 Bxc5 20. dxc5 Qc7 21. c6 Qxe5 22. Qd4 Qc7 23. Qxa7 Nxc6 24. Nb5 Qd7 25. Bxc6 Qxc6 26. a4 Bd3 27. Rfc1 Qe8 28. Qc5 Ne4 29. Qb4 Qb8 30. Ra3 Bc4 31. Rb1 Rc8 32. Nd4 Qc7 33. Qb6 Qd7 34. Qb7 Qd8 35. Nc6 Qe8 36. Ne7+ Kf8 37. Qxc8 Qxc8 38. Nxc8 1-0